000 00640nam a22001937a 4500
008 140808t mx||||| |||| 00| 0 spa d
020 _a9788498792362
050 0 4 _aK3161 .T4
_bP57 2011
100 1 _aPisarello, Gerardo
245 1 0 _aUn largo Termidor :
_bla ofensiva del constitucionalismo antidemocrático /
_c Gerardo Pisarello.
250 _a1a ed.
260 _aMéxico :
_bTrotta,
_c2011
300 _a221 p. ;
_c20 cm.
490 0 _aEstructuras y procesos, Derecho
504 _aIncluye bibliografias e índice
650 7 _2LEMB
_aDerecho constitucional
_xDemocracia
650 7 _2LEMB
_aDerecho
_xOligarquía
942 _2ddc
_cLIB
999 _c76431
_d76431